00706nam a2200229 a 4500001001300000003000900013005001700022008004100039020002300080082002000103100003300123245006400156260004500220300000900265500003500274505003800309650003300347650002400380650004000404700001900444700001300463nice12345678IN_TiNIC20260116015035.0050524s1998 gena grp 000 0 eng  a3906706 c10000a305.608097bLUT aLutheran World Fedeeration,  aChristian-Muslim Dialogue, Theological and Practical Issues aGenevabLutheran World Federation c1998 a391p aincludes index and biblioraphy2 aBibliography, Reference and Index aIslam-Relations Christianity aInterfaith Dialogue aReconciliation-Interfaith Chri Musl1 aMiller, Roland1 aHane A O